Toutes les boissons - Statistiques

Statistiques générales
  • Ce quiz a été pris 98 fois
    66 depuis la dernière actualisation
  • Le résultat moyen est 8 sur 26
Statistiques - réponses
Réponse % Correct
Coca Cola
98%
Fanta
95%
Orangina
78%
Ice Tea
77%
Oasis
72%
Sprite
62%
Pepsi
60%
Redbull
40%
Schweppes
38%
Perrier
32%
7Up
30%
Fuze Tea
30%
Monster
25%
Tropico
20%
Badoit
18%
Canada Dry
13%
Hawai
12%
Mogu Mogu
12%
Miranda
10%
Capri-Sun
7%
Selecto
7%
Prime
5%
Doctor Peeper
2%
Powered
2%
Champomy
0%
Pellegrino
0%
Aucun quiz correspondant
Distribution des résultats
% des personnes avec chaque résultat
Percentile par nombre de réponses
Votre historique - résultats
Vous n’avez pas pris ce quiz depuis la dernière actualisation